| Tag |
First Indicator |
Second Indicator |
Subfields |
| LEADER |
00000cam a2200000 4500 |
| 001 |
in00000017764 |
| 005 |
20151007053512.0 |
| 008 |
721108s1971 gw b 00110 ger u |
| 010 |
|
|
|a 72309512
|
| 035 |
|
|
|a (OCoLC)00489571
|
| 035 |
|
|
|9 AAB1881AM
|
| 040 |
|
|
|c CWR
|d m.c.
|d m/c
|d TXA
|d UtOrBLW
|
| 049 |
|
|
|a TXAM
|c [A11100454]
|
| 050 |
1 |
0 |
|a PT2617.O47
|b Z73 1971
|
| 100 |
1 |
|
|a Hofmannsthal, Hugo von,
|d 1874-1929.
|
| 245 |
1 |
0 |
|a Briefwechsel /
|c [von] Hugo von Hofmannsthal [und] Anton Wildgans.
|
| 250 |
|
|
|a [Neuaus.
|b Hrsg. und kommentiert von Norbert Altenhofer].
|
| 264 |
|
1 |
|a Heidelberg :
|b L. Stiehm,
|c [1971]
|
| 300 |
|
|
|a vii, 74 pages ;
|c 24 cm.
|
| 336 |
|
|
|a text
|b txt
|2 rdacontent
|
| 337 |
|
|
|a unmediated
|b n
|2 rdamedia
|
| 338 |
|
|
|a volume
|b nc
|2 rdacarrier
|
| 500 |
|
|
|a Issued also in Hofmannsthal-Blätter, Folge 2, Heft 7.
|
| 504 |
|
|
|a Includes bibliographical references and indexes.
|
| 700 |
1 |
|
|a Wildgans, Anton,
|d 1881-1932.
|
| 999 |
|
|
|a MARS
|
| 999 |
f |
f |
|s ad8f4a5a-a218-3fd0-bc8d-f25f2bd072c4
|i 51dd81a9-233d-3310-9abf-3db886feb78f
|t 0
|
| 952 |
f |
f |
|p ric
|a Texas A&M University
|b Rellis Campus
|c Joint Library Facility
|d Remote Storage
|t 0
|e PT2617.O47 Z73 1971
|h Library of Congress classification
|i unmediated -- volume
|m A14811100454
|
| 998 |
f |
f |
|a PT2617.O47 Z73 1971
|t 0
|l Remote Storage
|